00269nam a2200109Ia 4500008004100000100001800041245003700059250000800096260003900104300000800143650000800151191201s2012 xx 000 0 und d aDESAI,Bipin C 0aIntroduction to Data base System aRep c2012bGalgatia Pub. PvtaNEW DELHI a934 aBCA